LEADER 01029cam2 22002893 450 001 SOBE00069288 005 20220104091031.0 010 $a3882120312 100 $a20211230d1984 |||||ita|0103 ba 101 $ager 102 $aDE 200 0 $a1$fMario G. Losano 210 $aEbelsbach$cGremer$d1984 215 $aXXII, 693 p.$d23 cm. 225 2 $aAbhandlungen zur Rechtswissenschaftlichen Grundlagenforschung$v55.1 410 1$1001SOBE00069289$12001 $a*Abhandlungen zur Rechtswissenschaftlichen Grundlagenforschung$v55.1 461 1$1001SOB0000002082$12001 $a<>Briefwechsel zwischen Jhering und Gerber / Mario G. Losano 700 1$aLosano$b, Mario G.$3AF00008100$4070$03124 801 0$aIT$bUNISOB$c20220104$gRICA 850 $aUNISOB 852 $aUNISOB$j340.1$m37475 912 $aSOBE00069288 940 $aM 102 Monografia moderna SBN 941 $aW 957 $a340.1$b000175$i-1$gSI$d37475$1rovito$2UNISOB$3UNISOB$420220104091010.0$520220104091031.0$6rovito 996 $a1$92566061 997 $aUNISOB LEADER 01003nam a22002411i 4500 001 991002802109707536 005 20030806182926.0 008 030925s2000 it |||||||||||||||||ita 035 $ab12340467-39ule_inst 035 $aARCHE-038800$9ExL 040 $aBiblioteca Interfacoltà$bita$cA.t.i. Arché s.c.r.l. Pandora Sicilia s.r.l. 082 04$a021.64 245 00$aBiblioteche toscane :$besperienze di rete catalogazione e strategie cooperative : atti del convegno : Livorno, 18-19 febbraio 1999 260 $aLivorno :$b[Comune di Livorno],$c2000 300 $a71 p. ;$c24 cm 440 0$aQuaderni della Labronica ;$v75 650 4$aBiblioteche$xCooperazione$xToscana$xCongressi$y1999 907 $a.b12340467$b02-04-14$c08-10-03 912 $a991002802109707536 945 $aLE002 Ann. 384/075$g1$i2002000174543$lle002$o-$pE0.00$q-$rl$so $t0$u0$v0$w0$x0$y.i12742818$z08-10-03 996 $aBiblioteche toscane$9159752 997 $aUNISALENTO 998 $ale002$b08-10-03$cm$da $e-$fita$git $h0$i1